000
00299nam a22001337a 4500
008
170203b xxu||||| |||| 00| 0 eng d
020
_a
9780071481526
041
_a
eng
080
_a
61
100
_a
3
101
_a
SHM
245
_a
MANUALOF LABORATORU DIAGNOSTIC TESTS
_c
HILLS.G
942
_2
udc
_c
BK
999
_c
4387
_d
4387